000 00822nam a2200265Ia 4500
003 OSt
005 20220918171228.0
006 a|||||r|||| 00| 0
007 ta
008 220917b |||||||| |||| 00| 0 eng d
020 _a9781440855368 (pbk)
_cUKP 50.00
024 _a324,595
037 _b54505, 08/03/2018, Segment Book Distributors
_cTextual
040 _aARTS
_cARTS
_beng
041 _2eng
_aeng
082 _a2, Q8
100 _aMatthews Joseph R. Au.
_934945
245 0 _aEvaluation and measurement of library services
250 _a2nd
260 _aCalifornia
_bLibraries Unlimited USA
_c2018
300 _axxvi,446p.
_ccm.
650 _aLIBRARY SCIENCE
942 _h2, Q8
_cTEXL
_2CC
999 _c138459
_d138459